دراسات أردنية في حقوق الإنسان / (رقم التسجيلة. 104105)
[ عرض عادي ]
| 000 -LEADER | |
|---|---|
| fixed length control field | 01089nam a22002897a 4500 |
| 005 - DATE AND TIME OF LATEST TRANSACTION | |
| control field | 20251108173439.0 |
| 008 - FIXED-LENGTH DATA ELEMENTS--GENERAL INFORMATION | |
| fixed length control field | 250721s2005 xx 000 0 ara d |
| 082 14 - DEWEY DECIMAL CLASSIFICATION NUMBER | |
| Classification number | 342.565.85/ مسا |
| 100 1# - MAIN ENTRY--PERSONAL NAME | |
| Personal name | المساعيد، صالح |
| 245 10 - TITLE STATEMENT | |
| Title | دراسات أردنية في حقوق الإنسان / |
| 264 1# - PRODUCTION, PUBLICATION, DISTRIBUTION, MANUFACTURE, AND COPYRIGHT NOTICE | |
| Place of production, publication, distribution, manufacture | إربد : |
| Name of producer, publisher, distributor, manufacturer | مركز عمان لدراسات حقوق الإنسان، |
| Date of production, publication, distribution, manufacture, or copyright notice | 2005. |
| 300 ## - PHYSICAL DESCRIPTION | |
| Extent | 307ص. |
| 500 ## - GENERAL NOTE | |
| General note | الكتاب عبارة عن قسمين قسم باللغة العربية و الاخر باللغة الانجليزية |
| 500 ## - GENERAL NOTE | |
| General note | طبع هذا الكتاب بدعم من السفارة الهولندية في عمان |
| 650 17 - SUBJECT ADDED ENTRY--TOPICAL TERM | |
| Topical term or geographic name as entry element | حقوق الانسان |
| 650 17 - SUBJECT ADDED ENTRY--TOPICAL TERM | |
| Topical term or geographic name as entry element | الخدمة المدنية |
| 650 17 - SUBJECT ADDED ENTRY--TOPICAL TERM | |
| Topical term or geographic name as entry element | حرية الرأي |
| 650 17 - SUBJECT ADDED ENTRY--TOPICAL TERM | |
| Topical term or geographic name as entry element | قانون العمل |
| 650 17 - SUBJECT ADDED ENTRY--TOPICAL TERM | |
| Topical term or geographic name as entry element | التنمية السياسية |
| 650 17 - SUBJECT ADDED ENTRY--TOPICAL TERM | |
| Topical term or geographic name as entry element | الدراسات |
| 650 17 - SUBJECT ADDED ENTRY--TOPICAL TERM | |
| Topical term or geographic name as entry element | الأردن |
| 700 1# - ADDED ENTRY--PERSONAL NAME | |
| Personal name | الردايدة، إسلام |
| 700 1# - ADDED ENTRY--PERSONAL NAME | |
| Personal name | حماد، مجد |
| 700 1# - ADDED ENTRY--PERSONAL NAME | |
| Personal name | عساف، نظام |
| Relator term | Ed. |
| 942 ## - ADDED ENTRY ELEMENTS (KOHA) | |
| Source of classification or shelving scheme | Dewey Decimal Classification |
| Koha item type | كتب |
| حالة السحب | حالة الفقدان | مصدر التصنيف | حالة التلف | غير قابل للإعارة | المكتبة الرئيسية | المكتبة الحالية | موقع الرف | تاريخ التزويد | الرقم المتسلسل | Total Checkouts | رقم الإستدعاء | الباركود | تاريخ آخر ظهور | تاريخ الفاتورة | نوع المادة (كوها) |
|---|---|---|---|---|---|---|---|---|---|---|---|---|---|---|---|
| Dewey Decimal Classification | المكتبة المركزية | المكتبة المركزية | الإعارة | 07/09/2014 | 1581252 | 342.565.85/ مسا | PLD00305947 | 28/07/2025 | 07/09/2014 | كتب | |||||
| Dewey Decimal Classification | مكتبة البراعم الواعدة | مكتبة البراعم الواعدة | الإعارة | 01/09/2018 | 1654470 | 342.565.85/ مسا | PLD00429039 | 28/07/2025 | 01/09/2018 | كتب |